<?xml version="1.0" encoding="UTF-8"?>
<record
    xmlns:xsi="http://www.w3.org/2001/XMLSchema-instance"
    xsi:schemaLocation="http://www.loc.gov/MARC21/slim http://www.loc.gov/standards/marcxml/schema/MARC21slim.xsd"
    xmlns="http://www.loc.gov/MARC21/slim">

  <leader>02653cam a22003494a 4500</leader>
  <datafield tag="999" ind1=" " ind2=" ">
    <subfield code="c">3706</subfield>
    <subfield code="d">3706</subfield>
  </datafield>
  <controlfield tag="001">12249284</controlfield>
  <controlfield tag="003">Nust</controlfield>
  <controlfield tag="005">20180117090011.0</controlfield>
  <controlfield tag="008">001205s2001    maua     b    001 0 eng  </controlfield>
  <datafield tag="010" ind1=" " ind2=" ">
    <subfield code="a">   00068382 </subfield>
  </datafield>
  <datafield tag="020" ind1=" " ind2=" ">
    <subfield code="a">026205065X (hc. : alk. paper)</subfield>
  </datafield>
  <datafield tag="040" ind1=" " ind2=" ">
    <subfield code="a">DLC</subfield>
    <subfield code="c">DLC</subfield>
    <subfield code="d">DLC</subfield>
  </datafield>
  <datafield tag="042" ind1=" " ind2=" ">
    <subfield code="a">pcc</subfield>
  </datafield>
  <datafield tag="043" ind1=" " ind2=" ">
    <subfield code="a">d------</subfield>
  </datafield>
  <datafield tag="050" ind1="0" ind2="0">
    <subfield code="a">HC59.72.P6</subfield>
    <subfield code="b">E17 2001</subfield>
  </datafield>
  <datafield tag="082" ind1="0" ind2="0">
    <subfield code="a">338.9/009172/4</subfield>
    <subfield code="2">21</subfield>
  </datafield>
  <datafield tag="100" ind1="1" ind2=" ">
    <subfield code="a">Easterly, William,</subfield>
    <subfield code="d">1957-</subfield>
  </datafield>
  <datafield tag="245" ind1="1" ind2="4">
    <subfield code="a">The elusive quest for growth :</subfield>
    <subfield code="b">economists' adventures and misadventures in the tropics /</subfield>
    <subfield code="c">William Easterly.</subfield>
  </datafield>
  <datafield tag="260" ind1=" " ind2=" ">
    <subfield code="a">Cambridge, Mass. :</subfield>
    <subfield code="b">MIT Press,</subfield>
    <subfield code="c">c2001.</subfield>
  </datafield>
  <datafield tag="300" ind1=" " ind2=" ">
    <subfield code="a">xiii, 342 p. :</subfield>
    <subfield code="b">ill. ;</subfield>
    <subfield code="c">24 cm.</subfield>
  </datafield>
  <datafield tag="504" ind1=" " ind2=" ">
    <subfield code="a">Includes bibliographical references (p. [313]-333) and index.</subfield>
  </datafield>
  <datafield tag="505" ind1="8" ind2=" ">
    <subfield code="a">Machine generated contents note: I Why Growth Matters 1 -- 1 To Help the Poor 5 -- Intermezzo: In Search of a River 16 -- II Panaceas That Failed 21 -- 2 Aid for Investment 25 -- Intermezzo: Parmila 45 -- 3 Solow's Surprise: Investment Is Not the Key to Growth 47 -- Intermezzo: Dry Cornstalks 70 -- 4 Educated for What? 71 -- Intermezzo: Without a Refuge 85 -- 5 Cash for Condoms? 87 -- Intermezzo: Tomb Paintings 99 -- 6 The Loans That Were, the Growth That Wasn't 101 -- Intermezzo: Leila's Story 121 -- 7 Forgive Us Our Debts 123 -- Intermezzo: Cardboard House 138 -- III People Respond to Incentives 141 -- 8 Tales of Increasing Returns: Leaks, Matches, and Traps 145 -- Intermezzo: War and Memory 170 -- 9 Creative Destruction: The Power of Technology 171 -- Intermezzo: Accident in Jamaica 193 -- 10 Under an Evil Star 195 -- Intermezzo: Favela Life 215 -- 11 Governments Can Kill Growth 217 -- Intermezzo: Florence and Veronica 240 -- 12 Corruption and Growth 241 -- Intermezzo: Discrimination in Palanpur 253 -- 13 Polarized Peoples 255 -- Intermezzo: Violent for Centuries 282 -- 14 Conclusion: The View from Lahore 285 -- Notes 293 -- References and Further Reading 313 -- Index 335.</subfield>
  </datafield>
  <datafield tag="650" ind1=" " ind2="0">
    <subfield code="a">Poor</subfield>
    <subfield code="z">Developing countries.</subfield>
  </datafield>
  <datafield tag="650" ind1=" " ind2="0">
    <subfield code="a">Poverty</subfield>
    <subfield code="z">Developing countries.</subfield>
  </datafield>
  <datafield tag="651" ind1=" " ind2="0">
    <subfield code="a">Developing countries</subfield>
    <subfield code="x">Economic policy.</subfield>
  </datafield>
  <datafield tag="856" ind1="4" ind2="1">
    <subfield code="3">Table of contents</subfield>
    <subfield code="u">http://www.loc.gov/catdir/toc/fy02/00068382.html</subfield>
  </datafield>
  <datafield tag="906" ind1=" " ind2=" ">
    <subfield code="a">7</subfield>
    <subfield code="b">cbc</subfield>
    <subfield code="c">orignew</subfield>
    <subfield code="d">1</subfield>
    <subfield code="e">ocip</subfield>
    <subfield code="f">20</subfield>
    <subfield code="g">y-gencatlg</subfield>
  </datafield>
  <datafield tag="942" ind1=" " ind2=" ">
    <subfield code="2">ddc</subfield>
    <subfield code="c">BK</subfield>
  </datafield>
  <datafield tag="952" ind1=" " ind2=" ">
    <subfield code="0">0</subfield>
    <subfield code="1">0</subfield>
    <subfield code="2">ddc</subfield>
    <subfield code="4">0</subfield>
    <subfield code="7">0</subfield>
    <subfield code="8">NFIC</subfield>
    <subfield code="a">CL</subfield>
    <subfield code="b">CL</subfield>
    <subfield code="c">GEN</subfield>
    <subfield code="d">2016-11-24</subfield>
    <subfield code="l">1</subfield>
    <subfield code="m">2</subfield>
    <subfield code="o">338.9/009172/4 EAS</subfield>
    <subfield code="p">S3H-N-1234</subfield>
    <subfield code="r">2024-05-28</subfield>
    <subfield code="s">2023-11-01</subfield>
    <subfield code="w">2016-11-24</subfield>
    <subfield code="y">BK</subfield>
  </datafield>
</record>
